000 00678nam a2200289Ia 4500
005 20260324131039.0
008 008 260324s9999 xx 000 0 eng d
020 _a9781315040288
037 _aEBOOK
040 _aCRL
040 _beng
040 _cCRL
041 _2eng
041 _aeng
084 _qCRL
100 _aGilead Sher
_91184022
245 0 _aIsraeli-Palestinian Peace Negotiations, 1999-2001
245 0 _bWithin Reach
260 _bTaylor and Francis
260 _c2006
365 _a
365 _b315
856 _uhttp://www.taylorfrancis.com/books/9781315040288
942 _cEBOOK
999 _c1780837
_d1780837